000
00310nam a2200109Ia 4500
008
200302s9999 xx 000 0 und d
100
_a
David Buege & Others
245
_a
An Architecture of the Ozarks the Works of Marlon Blackwell
260
_b
Princeton Architectural Press
260
_c
2005
300
_a
190 P.,
999
_c
5062
_d
5062